Sabrina Carpenter - Prénoms dans les chansons - Statistiques

Statistiques générales
  • Ce quiz a été pris 16 fois
  • Le résultat moyen est 3 sur 9
Statistiques - réponses
Albums Prénoms + chansons % Correct
Man's Best Friend Devin dans "When Did You Get Hot?"
62%
Man's Best Friend John dans "Go Go Juice"
62%
Man's Best Friend Larry dans "Go Go Juice"
62%
Man's Best Friend Sabrina dans "When Did You Get Hot?"
62%
fruitcake Cindy Lou dans "cindy lou who"
46%
Short N' Sweet Juno dans "Juno"
8%
Singular Act I Mona Lisa dans "Mona Lisa"
8%
email's i can't send Shannon dans "skinny dipping"
8%
Man's Best Friend Zeus dans "When Did You Get Hot?"
8%
Aucun quiz correspondant
Distribution des résultats
% des personnes avec chaque résultat
Percentile par nombre de réponses
Votre historique - résultats
Vous n’avez pas pris ce quiz